000 00578nam a2200193 i 4500
001 146176
003 ES-MaACL
005 20240430133223.0
007 t|
008 070904s1973 sp ||||1| spa d
080 _a830-14"19"
100 1 _aTrakl, Georg (
_d1887-1914)
_9111215
245 1 0 _aPoemas /
_cGeorg Trakl ; traducción, selección y prólogo de Angel Sánchez.
260 _a[Madrid :
_bAlberto Corazón,
_c1973]
300 _a138 p. ;
_c20 cm.
700 1 _aSánchez, Angel,
_d1943-
_9102339
852 _aES-MaACL
_jC-52028
_bR.85779
999 _c146176
_d146176